| 000 | 00441nam a22001697a 4500 | ||
|---|---|---|---|
| 003 | CEME | ||
| 005 | 20210628205103.0 | ||
| 008 | 210224b xxu||||| |||| 00| 0 eng d | ||
| 020 | _a0-7923-9636-7 | ||
| 040 | _c. | ||
| 082 | _a621.391 KUM'C | ||
| 100 |
_aKumar, S _936773 |
||
| 245 | _aThe codesign of embedded systems a uniform hardware software representation | ||
| 260 |
_aBOSTON _bKLUWER _c1996 |
||
| 300 | _a274P | ||
| 942 |
_cBK _2ddc |
||
| 999 |
_c579451 _d579451 |
||